Animals in Other Words Quiz Stats

Quiz not verified by Sporcle

Challenge
Share
Tweet
Embed
Score 0/16 Timer 04:00
1 Play Today
Animal Definition % Correct
any of several nonvenomous, chiefly tropical constrictors having vestigial hind limbs at the base of the tail. Boa
84.9%
any of various small insectivorous mammals living chiefly underground, and having velvety fur, very small eyes, and strong forefeet. Mole
81%
any of numerous hook-billed, often brilliantly colored birds having the ability to mimic speechParrot
80.5%
any of several large carnivorous mammals of the dog family usually hunting in packs, formerly common throughout Northern HemisphereWolf
79.5%
any large wading bird of the family Gruidae, characterized by long legs, bill, and neck and an elevated hind toe.Crane
79%
any plantigrade mammal of the family Ursidae, typically massive omnivorous animals with a large head, a long shaggy coat, and strong claws Bear
73.2%
a crested grosbeak, of North America, the male of which is bright redCardinal
66.7%
any of slow-moving, arboreal, tropical American edentates having long hooklike claws used in gripping tree branches while hanging or moving along in an upside-down position.Sloth
66.7%
Animal Definition % Correct
any of numerous marine carnivores of the suborder PinnipediaSeal
65.4%
any of various burrowing, carnivorous mammals of the family MustelidaeBadger
63.4%
a reddish-brown antelope of the forests of tropical Africa, having white stripes and large, spirally twisted horns. Bongo
62%
any of several species of small dabbling ducks, of worldwide distribution, usually traveling in tight flocks and frequenting ponds and marshesTeal
60.7%
any tailless, stout-bodied amphibian of the order AnuraFrog
58%
any of various snaillike terrestrial gastropods having no shell or only a rudimentary oneSlug
50%
any of various large lizards of the family Varanidae, of Africa, southern Asia, the East Indies, and Australia, fabled to give warning of the presence of crocodilesMonitor
45%
any spiny-finned, freshwater food fish of the US or EuropePerch
33.3%

You're not logged in!

Compare scores with friends on all Sporcle quizzes.
Join for Free
OR
Log In

You Might Also Like...

Show Comments

Extras

Curator's Pick Aug 10, 2016SourceReportNominate
Tags:Animal Quiz, Definition Quiz

Top Quizzes Today


Score Distribution

Your Account Isn't Verified!

In order to create a playlist on Sporcle, you need to verify the email address you used during registration. Go to your Sporcle Settings to finish the process.

Report this User

Report this user for behavior that violates our Community Guidelines.

Details: